Matemáticas 7 : guía didáctica
| Yazar: | |
|---|---|
| Materyal Türü: | Kitap |
| Dil: | İspanyolca |
| Baskı/Yayın Bilgisi: |
San José, C.R. :
Editorial de la Universidad de Costa Rica,
1997
|
| Seri Bilgileri: | Hacia el siglo XXI
|
| Konular: |
MARC
| LEADER | 00000nam a2200000Ia 4500 | ||
|---|---|---|---|
| 008 | 180528b1997 cr ||||| |||| 00| | spa d | ||
| 999 | |c 1056 |d 1056 | ||
| 020 | |a 9977-67-430-2 | ||
| 090 | |a 18.08.00 |b 453 | ||
| 100 | |a Arias Tencio, Floria |9 3673 | ||
| 245 | 1 | 0 | |a Matemáticas 7 : guía didáctica |
| 260 | |a San José, C.R. : |b Editorial de la Universidad de Costa Rica, |c 1997 | ||
| 300 | |a 80 päginas | ||
| 490 | |a Hacia el siglo XXI | ||
| 650 | 1 | 4 | |a MATEMÁTICAS |9 482 |
| 650 | 1 | 4 | |a EDUCACIÓN SECUNDARIA |9 456 |
| 650 | 1 | 4 | |a GUÍA |9 1822 |
| 942 | |i 00796 |h 18.08.00 453 |2 z |c 01 | ||
